000 00690nam a2200181 4500
001 144253
003 ES-MaACL
005 20230906200957.0
007 t|
008 070214s1966 sp r ||||1| spa d
100 1 _aSinger, Charles.
_9106622
245 1 0 _aBreve historia de la Medicina /
_cCharles Singer y E. Ashwort Underwood ; con un apéndice sobre la Historia de la Medicina española [y traducción] por José Mª López Piñero.
260 _aMadrid :
_bGuadarrama,
_c1966 (
_fSánchez Leal)
300 _a821 p., 2 lám. :
_bil. ;
_c23 cm.
700 1 _aUnderwood, E. Ashwort.
_9111998
700 1 _aLópez Piñero, José María.
_973895
852 _aES-MaACL
_jC-31569
_bR.61358
999 _c144253
_d144253